000 00541nam a22002057a 4500
003 LK-CoMWRAF
005 20231019222018.0
008 231019b2004 |||||||| |||| 00| 0 eng d
020 _a9789555703086
040 _aLK-CoMWRAF
_dLK-CoMWRAF
_eLK-CoMWRAF
041 _aeng
082 _a294.38
_bABE
100 _aAbeysinghe, W. A.
245 _aJataka tales abridged
260 _aColombo :
_bSamayawardhana books,
_c2004
300 _a152p. ; 21cm
650 _aBuddhist literature
650 _aEnglish Jataka Suttapitaka
942 _cBK
999 _c3945
_d3945